000 00548nam a2200193Ia 4500
005 20250508165524.0
008 008 250505s9999 xx 000 0 eng d
037 _aTextBook
040 _aFEDL
_beng
_cFEDL
041 _aeng
_2eng
084 _a500, NCE/R
_qFEDL
100 _aYash Pal
245 0 _aKhoje huye prashn
260 _aNew Delhi, India
_bNational Council of Educational Research and Training
_c2008
300 _axxx, 121p.
700 _a Rahul Pal
_9781087
942 _cTB
_h500, NCE/R
999 _c1395632
_d1395632